Euro 2024 Quarter Finals - England - Switzerland - Statistics

General Stats
  • This quiz has been taken 123 times
  • The average score is 24 of 35
Answer Stats
Player % Correct
Harry Kane
98%
Jordan Pickford
95%
Bukayo Saka ¹
94%
Jude Bellingham
94%
Phil Foden
93%
John Stones
92%
Kyle Walker
90%
Yann Sommer
89%
Granit Xhaka
84%
Cole Palmer
82%
Declan Rice
82%
Manuel Akanji
81%
Breel Embolo ¹
79%
Gareth Southgate
79%
Xherdan Shaqiri
79%
Kieran Trippier
74%
Kobbie Mainoo
71%
Fabian Schär
70%
Luke Shaw
68%
Trent Alexander-Arnold
66%
Ezri Konsa
64%
Ricardo Rodriguez
64%
Remo Freuler
61%
Ruben Vargas
61%
Ivan Toney
60%
Dan Ndoye
58%
Michel Aebischer
53%
Eberechi Eze
52%
Murat Yakin
52%
Silvan Widmer
39%
Denis Zakaria
37%
Fabian Rieder
35%
Zeki Amdouni
35%
Steven Zuber
29%
Vincent Sierro
26%
No matching quizzes found
Score Distribution
Percent of People with Each Score
Percentile by Number Answered
Your Score History
You have not taken this quiz